| 000 | 01752cab a2200325 4500 | ||
|---|---|---|---|
| 001 | ABS52483 | ||
| 008 | 090401t1995 xxu||||| |||| 00| 0 eng d | ||
| 035 | _a(Sirsi) u81174 | ||
| 041 | _aeng | ||
| 245 | _aLewis and others v Mid Glamorgan CC and others | ||
| 260 | _c1995 | ||
| 350 | _a0 | ||
| 490 |
_aAll England Law Reports _v(1995) 1 All ER 760-780(21) |
||
| 520 | _aHL 2 February 1995. In 1970 MG`s predecessor compulsorily purchased a plot of registered common land for use as a reservoir, as sanctioned by the enabling Mid Glamorgan Water Act 1968. Commoners were subsequently compensated for their loss of rights, but, by the terms of the Commons Act 1876 no inclosure was permitted. Plans for the reservoir were abandoned and development of a golf course proposed by MG. When, in 1985, MG applied for the land to be removed from the register, arguing that it was no longer common land as rights of common had been extinguished, the commoners challenged it in the courts. The HL overturned MG`s subsequent appeal ruling that although commonable rights had been extinguished, the land remained common land as the inclosure was sanctioned only for specified works only. | ||
| 650 | _aCOMMON LAND | ||
| 650 | _aCOMMONABLE RIGHTS | ||
| 650 | _aCOMMONERS RIGHTS | ||
| 650 | _aCOMMONS ACT 1876 | ||
| 650 | _aCOMMONS REGISTRATION ACT 1965 | ||
| 650 | _aCOMMONS REGULATION PROVISIONAL ORDER CONFIRMATION ACT 1919 | ||
| 650 | _aCOMPENSATION | ||
| 650 |
_aCompulsory purchase _96228 |
||
| 650 | _aEXTINGUISHMENT | ||
| 650 | _aRIGHTS OF COMMON | ||
| 650 | _aWASTE LAND OF A MANOR | ||
| 690 | _aCOMPULSORY PURCHASE AND COMPENSATION-CASE LAW | ||
| 690 | _aPROPERTY LAW AND PRACTICE-CASE LAW | ||
| 942 | _n0 | ||
| 948 | _c04/03/1997 | ||
| 999 |
_c51159 _d51159 |
||